Violencia contra la mujer: una mirada interdiciplinaria hacia una propuesta integral de prevención /

সংরক্ষণ করুন:
গ্রন্থ-পঞ্জীর বিবরন
প্রধান লেখক: Tuñón Berrocal, Irma Raquel
অন্যান্য লেখক: Martínez Pineda, Nancy Judith
বিন্যাস: পাঠ‍্য
বিষয়গুলি:
ট্যাগগুলো: ট্যাগ যুক্ত করুন
কোনো ট্যাগ নেই, প্রথমজন হিসাবে ট্যাগ করুন!

MARC

LEADER 00000 a a2200000 04500
001 9398
003
040
100 |a Tuñón Berrocal, Irma Raquel  
245 |a Violencia contra la mujer:   |b una mirada interdiciplinaria hacia una propuesta integral de prevención /  |c Irma Raquel Tuñón Berrocal ; Nancy Judith Martínez Pineda 
650 |a VIOLENCIA CONTRA LAS MUJERES  
650 |a TEORIA  
650 |a SALUD MENTAL  
700 |a Martínez Pineda, Nancy Judith  
773 |g número 444; páginas 27-39  
999 |c 31432  |d 31432